000 00403nam a22001817a 4500
003 MPLRDC
005 20220104113618.0
008 210129b ||||| |||| 00| 0 eng d
082 _a848.1 LS
100 _a老舍著
245 _a离婚
_c
250 _a初版
260 _a
_b辅新书局
_c1990
300 _b
490 _a中国名家系列
650 _a现代别集
942 _cBK
_o848.1 LS
999 _c985
_d975